Public finance / (Record no. 3770)
[ view plain ]
| 000 -LEADER | |
|---|---|
| fixed length control field | 00975cam a2200181 a 4500 |
| 020 ## - INTERNATIONAL STANDARD BOOK NUMBER | |
| ISBN | 9780073375748 (alk. paper) |
| 020 ## - INTERNATIONAL STANDARD BOOK NUMBER | |
| ISBN | 0073375748 (alk. paper) |
| 050 00 - CALL NUMBER | |
| Classification number | HJ141 |
| Item number | .S45 |
| 100 1# - AUTHOR | |
| Personal name | Seidman, Laurence S. |
| 245 10 - TITLE | |
| Title | Public finance / |
| Statement of responsibility, etc | Laurence S. Seidman. |
| 250 ## - EDITION | |
| Edition statement | 1st ed |
| 260 ## - PUBLICATION INFORMATION | |
| Place of publication | Boston : |
| Name of publisher | McGraw-Hill/Irwin, |
| Year of publication | c2009. |
| 300 ## - DESCRIPTION | |
| Number of Pages | xix, 356 p. : |
| Other physical details | ill. ; |
| Dimensions | 26 cm. |
| 500 ## - NOTES | |
| General note | Includes index. |
| 505 ## - FORMATTED CONTENTS NOTE | |
| Table of Content | Chapter 1 Introduction to Public Finance. --<br/>Chapter 2 Externalities and the environment. --<br/>Chapter 3 Public goods and political economy. --<br/>Chapter 4 Cost-benefit analysis. --<br/>Chapter 5 Social Security. --<br/>Chapter 6 Health Insurance. --<br/>Chapter 7 Tax Incidence and inefficiency. --<br/>Chapter 8 Income Taxes. --<br/>Chapter 9 Consumption Taxes. --<br/>Chapter 10 State and Local Public Finance. --<br/>Chapter 11 Education. --<br/>Chapter 12 Low-Income Assistance. --<br/>Chapter 13 Government Borrowing. |
| 650 #0 - SUBJECTS | |
| Topical Term | Finance, Public. |
| 942 ## - ADDED ENTRY ELEMENTS (KOHA) | |
| Koha item type | Books |
| Withdrawn status | Lost status | Home library | Current library | Shelving location | Date acquired | Full call number | Accession Number | Koha item type |
|---|---|---|---|---|---|---|---|---|
| Methodist University Library Main | Methodist University Library Main | General Stacks | 24/11/2011 | HJ141 .S374 | 34233 | Books | ||
| Methodist University Library Main | Methodist University Library Main | General Stacks | 24/11/2011 | HJ141 .S374 | 34234 | Books | ||
| Methodist University Library Main | Methodist University Library Main | General Stacks | 24/11/2011 | HJ141 .S374 | 34240 | Books | ||
| Methodist University Library Main | Methodist University Library Main | General Stacks | 24/11/2011 | HJ141 .S374 | 34242 | Books | ||
| Methodist University Library Tema | Methodist University Library Tema | General Stacks | 24/11/2011 | HJ141 .S45 | 34239 | Books |